<?xml version="1.0" encoding="UTF-8"?><?xml-stylesheet type="text/xsl" href="static/style.xsl"?><OAI-PMH xmlns="http://www.openarchives.org/OAI/2.0/" xmlns:xsi="http://www.w3.org/2001/XMLSchema-instance" xsi:schemaLocation="http://www.openarchives.org/OAI/2.0/ http://www.openarchives.org/OAI/2.0/OAI-PMH.xsd"><responseDate>2026-06-30T06:21:32Z</responseDate><request verb="GetRecord" identifier="oai:riubu.ubu.es:10259/6436" metadataPrefix="marc">https://riubu.ubu.es/oai/request</request><GetRecord><record><header><identifier>oai:riubu.ubu.es:10259/6436</identifier><datestamp>2022-11-11T13:02:49Z</datestamp><setSpec>com_10259_4201</setSpec><setSpec>com_10259_5086</setSpec><setSpec>com_10259_2604</setSpec><setSpec>col_10259_4505</setSpec></header><metadata><record xmlns="http://www.loc.gov/MARC21/slim" xmlns:doc="http://www.lyncode.com/xoai" xmlns:xsi="http://www.w3.org/2001/XMLSchema-instance" xmlns:dcterms="http://purl.org/dc/terms/" xsi:schemaLocation="http://www.loc.gov/MARC21/slim http://www.loc.gov/standards/marcxml/schema/MARC21slim.xsd">
<leader>00925njm 22002777a 4500</leader>
<datafield tag="042" ind1=" " ind2=" ">
<subfield code="a">dc</subfield>
</datafield>
<datafield tag="720" ind1=" " ind2=" ">
<subfield code="a">Verbeeten, Wilco M.H.</subfield>
<subfield code="e">author</subfield>
</datafield>
<datafield tag="720" ind1=" " ind2=" ">
<subfield code="a">Sánchez‐Soto, Miguel</subfield>
<subfield code="e">author</subfield>
</datafield>
<datafield tag="720" ind1=" " ind2=" ">
<subfield code="a">Maspoch, Maria Lluisa</subfield>
<subfield code="e">author</subfield>
</datafield>
<datafield tag="260" ind1=" " ind2=" ">
<subfield code="c">2022-02</subfield>
</datafield>
<datafield tag="520" ind1=" " ind2=" ">
<subfield code="a">The strain-rate dependence of a commercial grade ABS copolymer has been analyzed in both compression and tension. By measuring in two loading geometries, the hydrostatic pressure-dependence on the material's deformation behavior can be established. An alternative method to determine pressure-dependence, based on the difference in strain-rate dependence for various loading geometries, has been presented. It was shown to be an effective technique, both for thermorheologically simple materials such as ABS, as well as thermorheologically complex materials, for example, PMMA. A yield criterion, based on an Eyring-type pressure-modified rate equation, has been compared to finite element simulations using the Eindhoven Glassy Polymer (EGP) constitutive model. Although both methods give quantitatively similar results for the yield stress prediction, only the fully 3D EGP model is able to represent the large-strain deformation behavior.</subfield>
</datafield>
<datafield tag="024" ind2=" " ind1="8">
<subfield code="a">0021-8995</subfield>
</datafield>
<datafield tag="024" ind2=" " ind1="8">
<subfield code="a">http://hdl.handle.net/10259/6436</subfield>
</datafield>
<datafield tag="024" ind2=" " ind1="8">
<subfield code="a">10.1002/app.52295</subfield>
</datafield>
<datafield tag="024" ind2=" " ind1="8">
<subfield code="a">1097-4628</subfield>
</datafield>
<datafield tag="245" ind1="0" ind2="0">
<subfield code="a">Hydrostatic pressure dependence in tensile and compressive behavior of an acrylonitrile–butadiene–styrene copolymer</subfield>
</datafield>
</record></metadata></record></GetRecord></OAI-PMH>